| 000 | 00583pab a2200193 454500 | ||
|---|---|---|---|
| 008 | 180718b2002 xxu||||| |||| 00| 0 eng d | ||
| 100 | _aFarazmand, Ali | ||
| 245 | _aPrivatization and globalization: a critical analysis with implications for public management education and training | ||
| 260 | _c2002 | ||
| 300 | _ap.355-71. | ||
| 362 | _aSep | ||
| 650 | _aTraining | ||
| 650 | _aGlobalization | ||
| 650 | _aPrivatization | ||
| 650 | _aManagement education | ||
| 650 | _aPublic administration | ||
| 773 | _aInternational Review of Administrative Sciences | ||
| 909 | _a53866 | ||
| 999 |
_c53866 _d53866 |
||